Logo BPK

Biblioteka

Politechniki Koszalińskiej

Polish contributions to a Swedish-Polish symposium from pedagoues, philosophers, sociologists and economists in Szczecin / (Rekord nr 44607)

Szczegóły MARC
000 -ETYKIETA REKORDU
podpole kontrolne o stałej długości 00970nam a2200277 i 4500
001 - NUMER KONTROLNY REKORDU
pole kontrolne bg
020 ## - MIĘDZYNARODOWY ZNORMALIZOWANY NUMER KSIĄŻKI - ISBN
ISBN 9173733806
040 ## - ŹRÓDŁO KATALOGOWANIA
Instytucja, która utworzyła rekord BPK
041 0# - KOD JĘZYKA
Kod języka tekstu eng
080 ## - UNIWERSALNA KLASYFIKACJA DZIESIĘTNA - UKD
UKD 3(061)
920 ## - Międzynarodowy znormalizowany numer książki – ISBN
ISBN 91-7373-380-6
008 - POLE O STAŁEJ DŁUGOŚCI - DANE KONTROLNE
podpole kontrolne o stałej długości s pl f |000 0 pol
245 00 - TYTUŁ/ODPOWIEDZIALNOŚĆ
Tytuł Polish contributions to a Swedish-Polish symposium from pedagoues, philosophers, sociologists and economists in Szczecin /
Pozostałe elementy strefy tytułu i oznaczenia odpowiedzialności eds Hans Hovenberg, Karol Matraszek, Wit J. Wojtowicz.
260 ## - STREFA ADRESU WYDAWNICZEGO
Miejsce wydania Linköping :
Nazwa wydawcy/dystrybutora Linköping University,
Data publikacji, dystrybucji/powstania dokumentu 2002.
300 ## - STREFA OPISU FIZYCZNEGO
Objętość 150 s. :
Inne cechy fizyczne wykr. ;
Rozmiary 20 cm.1
490 ## - STREFA SERII I DOKUMENTU WIELOCZĘŚCIOWEGO - FORMA NIE DO WYSZUKIWANIA
Tytuł i oznaczenie odpowiedzialności serii Centre for Adult Educators Series,
ISSN 1104-8255 ;
Numeracja w obrębie serii 17
500 ## - UWAGI OGÓLNE
Tekst uwagi Streszcz. przy ref.
504 ## - UWAGA DOTYCZĄCA BIBLIOGRAFII
Informacje o bibliografii Bibliogr.
650 ## - HASŁO PRZEDMIOTOWE W FORMIE NAZWY OGÓLNEJ LUB JEDNOSTKOWEJ
Nazwa ogólna lub geograficzna Nauki społeczne
Określnik ogólny zagadnienia
655 ## - TERMIN INDEKSOWY - OKREŚLENIE RODZAJU/FORMY DOKUMENTU
Określenie rodzaju/formy dokumentu Materiały konferencyjne
700 1# - HASŁO DODATKOWE - NAZWA OSOBOWA
Nazwa osobowa HOVENBERG, Hans.
Określenie związku między hasłem a opisywanym materiałem Red.
700 1# - HASŁO DODATKOWE - NAZWA OSOBOWA
Nazwa osobowa MATRASZEK, Karol.
Określenie związku między hasłem a opisywanym materiałem Red.
700 1# - HASŁO DODATKOWE - NAZWA OSOBOWA
Nazwa osobowa WOJTOWICZ, Wit J.
Określenie związku między hasłem a opisywanym materiałem Red.
830 ## - HASŁO DODATKOWE SERII LUB DOKUMENTU WIELOCZĘŚCIOWEGO - TYTUŁ UJEDNOLICONY
Tytuł ujednolicony Centre for Adult Educators Series,
-- 1104-8255 ;
856 ## - LOKALIZACJA I DOSTĘP DO ELEKTRONICZNYCH DOKUMENTÓW ZDALNYCH
Link (URL) http://koha.tu.koszalin.pl/cgi-bin/koha/opac-detail.pl?biblionumber=44607
Tekst linku Katalog online BPK
942 ## - DODATKOWE ELEMENTY (KOHA)
Typ dokumentu Książka
Egzemplarze
Wycofany Status egzemplarza Uszkodzony Dostępność Lokalizacja stała Lokalizacja bieżąca Miejsce przechowywania Sygnatura Kod kreskowy Typ dokumentu
      Dostępny Biblioteka Politechniki Koszalińskiej Biblioteka Politechniki Koszalińskiej Wypożyczalnia BG 72017 02176048 Książka
© 2023 Biblioteka Politechniki Koszalińskiej :: KOHA